Sediments and nutrients input to a small reservoir in the tropical semi-arid region (Registro n. 86742)
[ somente texto ]
| 000 -LÍDER | |
|---|---|
| fixed length control field | 04599nab a2200313 i 4500 |
| 003 - CÓDIGO MARC DA AGÊNCIA CATALOGADORA | |
| Campo de controle | BR-BrBNA |
| 005 - DATA E HORA DA ÚLTIMA ATUALIZAÇÃO | |
| Campo de controle | 20231116130719.0 |
| 008 - CAMPO DE TAMANHO FIXO | |
| fixed length control field | 231116b2021 bl.qr|pooa||| 00| 0 eng | |
| 040 ## - FONTE DA CATALOGAÇÃO | |
| Agência catalogadora | BR-BrBNA |
| Idioma da catalogação | eng |
| 072 ## - CATEGORIA AGRIS | |
| Código AGRIS | P10 |
| 100 ## - ENTRADA PRINCIPAL - NOME PESSOAL | |
| Nome pessoal | Pereira, Erich Celestino Braga |
| 100 ## - ENTRADA PRINCIPAL - NOME PESSOAL | |
| Nome pessoal | Lopes, Fernando Bezerra |
| 100 ## - ENTRADA PRINCIPAL - NOME PESSOAL | |
| Nome pessoal | Almeida, Aldenia Mendes Mascena de |
| 100 ## - ENTRADA PRINCIPAL - NOME PESSOAL | |
| Nome pessoal | Andrade, Eunice Maia de |
| 100 ## - ENTRADA PRINCIPAL - NOME PESSOAL | |
| Nome pessoal | Lopes, José Frédson Bezerra |
| 245 ## - TÍTULO PRINCIPAL | |
| Título principal | Sediments and nutrients input to a small reservoir in the tropical semi-arid region |
| 500 ## - NOTA GERAL | |
| Nota geral | <br/>Publicação on-line; 26 ref.; 4 illus.; 4 tables; Summaries (En, Pt) |
| 942 ## - ADDED ENTRY ELEMENTS (KOHA) | |
| Koha item type | |
| 520 ## - NOTA DE RESUMO | |
| Nota de conteúdo | <br/><br/><br/>ABSTRACT - The sediment and nutrients that are input to surface reservoirs compromise the quality and quantity of the stored water. The aim of this study was to investigate the dynamics of sediment and nutrient input along the drainage basin of a small reservoir in the semi-arid region. The reservoir under study was built in 1956 and has a storage capacity of 5.01 hm3. Seven trenches were dug along the drainage basin of the reservoir following the river. Sediment samples were collected at increasing depths of 20 cm until reaching the original riverbed. An analysis of particle size, total organic carbon (TOC), total nitrogen (TN), available phosphorus (P), exchangeable aluminium (Al), total iron (TFe) and pH was carried out. Approximately 60% of the sediment in the reservoir is composed of clay and silt, and 40% of sand. The greatest thickness of the sediment layer, as well as the greatest concentration of fine sediment, was registered in the section nearest to the dam. The values for TOC (2.47 < TOC < 34.47 g kg-1) and TN (0.69 <T N < 3.97 g kg-1) showed a positive and significant correlation with each other (r = 0.95) and with the fine sediment (r = 0.85; r = 0.77). The P (12.19 < P < 41.99 mg kg-1) showed an inverse relationship with the organic components, fine sediment, TFe and Al. The mean C/N ratio of 8.77 demonstrates the predominance of sources of anthropogenic pollution in the drainage basin of the reservoir. The fine sediment proved to a determinant factor in the retention and availability of TOC, TN and P, with the reservoir acting as a deposit for the input nutrients.<br/><br/><br/>Key words: Silting. Toposequence. Water resources. |
| 520 ## - NOTA DE RESUMO | |
| Nota de conteúdo | <br/><br/><br/>RESUMO - Os sedimentos e nutrientes aportados à reservatórios superficiais comprometem a qualidade e a quantidade da água armazenada. Desta forma, objetivou-se investigar a dinâmica do aporte de sedimentos e nutrientes ao logo da bacia hidráulica de um reservatório de pequeno porte no semiárido. O reservatório estudado foi construído no ano de 1956, com capacidade de armazenamento de 5,01 hm3 . Foram escavadas sete trincheiras seguindo o leito do rio ao longo da bacia hidráulica do reservatório. As amostras de sedimento foram coletadas a cada 20 cm de profundidade até atingir o leito original do rio. Foi realizada análise granulométrica, carbono orgânico total (COT), nitrogênio total (NT), fósforo disponível (P), alumínio trocável (Al), ferro total (FeT) e pH. Aproximadamente 60% do sedimento no reservatório é composto por argila e silte e 40% por areia. A maior espessura da camada de sedimentos, bem como a maior concentração de sedimentos finos, registrou-se no trecho próximo à barragem. Os valores de COT (2,47 < COT < 34,47 g kg-1) e NT (0,69 < NT < 3,97 g kg-1) apresentaram correlações positivas e significativas entre si (r = 0,95) e com sedimentos finos (r = 0,85; r = 0,77). O P (12,19 < P < 41,99 mg kg-1) apresentou relação inversa com os componentes orgânicos, sedimentos finos, FeT e Al. A relação C/N média de 8,77 demonstra o predomínio de fontes de poluição antrópicas na bacia de contribuição do reservatório. Os sedimentos finos mostraram-se determinante na retenção e disponibilidade do COT, NT e P, atuando o reservatório como depósito dos nutrientes aportados.<br/><br/><br/>Palavras-chave: Assoreamento. Topossequência. Recursos hídricos |
| 650 ## - ASSUNTO - THESAGRO | |
| Cabeçalho tópico ou nome geográfico | RESERVATÓRIO DE ÁGUA |
| 650 ## - ASSUNTO - THESAGRO | |
| Cabeçalho tópico ou nome geográfico | SEDIMENTO |
| 650 ## - ASSUNTO - THESAGRO | |
| Cabeçalho tópico ou nome geográfico | NUTRIENTE |
| 650 ## - ASSUNTO - THESAGRO | |
| Cabeçalho tópico ou nome geográfico | ANÁLISE QUÍMICA |
| 650 ## - ASSUNTO - THESAGRO | |
| Cabeçalho tópico ou nome geográfico | QUALIDADE DA ÁGUA |
| 773 0# - ENTRADA ANALÍTICA | |
| Host Biblionumber | 4290 |
| Registro do item | 102271 |
| Imprenta | Fortaleza-CE Universidade Federal do Ceará. Centro de Ciências Agrárias 2002 |
| Outro identificador | 2023-436724 |
| Título | Revista Ciência Agronômica (Brazil) |
| ISSN | 0045-6888; 1806-6690 (on-line) |
| Colação | v. 52(1) p. 1-10; (2021) |
| Número de controle de registro | BR2023002060 |
| 856 ## - ACESSO E ENDEREÇO ELETRÔNICO | |
| Identificador uniforme de recurso - URI | https://www.scielo.br/j/rca/a/WsJTf3hQbFrstwbjnvnqbws/?format=pdf&lang=en |
Nenhum exemplar disponível.

BINAGRI